LEADER 00897nam a2200169 i 4500 001 000000177926 003 CaOOAMICUS 005 20250620100240.0 008 090228s1927 it u000 u ita u 040 $aSeMil$bita 245 10$a2: La grande civiltà del Mezzogiorno d'Italia :$bsviluppo, potenza ed azione politica degli stati italioti : dal sec. 7. alla metà del sec. 4. 300 $aXV, 476 p., [1] c. geogr. 773 0 $aCiaceri, Emanuele$tStoria della Magna Grecia.$dMilano [etc.] : Società Editrice Dante Alighieri di Albrighi, Segati & C., 1927.$gVolume2$w()20801 850 $aSeMil 852 $aSeMil$W1$xVenegono$y1$m3S V 13/2$j258888$B128722$CSeMilBibl$Z2$F139813 $81 996 $6245$a2: La grande civiltà del Mezzogiorno d'Italia :$bsviluppo, potenza ed azione politica degli stati italioti : dal sec. 7. alla metà del sec. 4.$9(OLS)http://semarc/title/255543 LEADER 01211nam a2200301 i 4500 001 000000115311 003 CaOOAMICUS 005 20220504142634.0 008 091202s2001 it u000 u ita u 013 $a88000 020 $a88-498-0049-5 040 $aSeMil$bita 100 1 $aAgostino, Giuseppe,$d<1928-2014>.$0(OLS)http://semarc/name/4590 245 10$a3: Conferenze /$cdi Giuseppe Agostino. 264 3$aSoveria Mannelli :$bRubbettino,$c2001. 300 $a510 p. ;$c22 cm 500 $aIn custodia 541 $aFondo card. Carlo Maria Martini (2F II 22) 773 0 $aAgostino, Giuseppe <1928-2014>$tDilatentur spatia caritatis.$dSoveria Mannelli : Rubbettino$g3$w()9309 850 $aSeMil 852 $aSeMil$W1$xVenegono$y1$m2F II 22$j70839$B70839$CSeMilBibl$Z2$F78170 $81 852 $aSeMil$W1$xVenegono$y1$m2F VII 31$j232972$B241236$CSeMilBibl$Z2$F241236 $81 941 1 $a4 961 $aFondo Card. Carlo Maria Martini 996 $6020$a88-498-0049-5$9(OLS)http://semarc/number/99048 996 $6245$a3: Conferenze$9(OLS)http://semarc/title/439871 996 $6264$aSoveria Mannelli :$bRubbettino$9(OLS)http://semarc/publisher/32145